书目信息 |
| 题名: |
建筑照明设计及案例分析
|
|
| 作者: | 卡伦, , 奔亚, 著 ;李铁楠 , 荣浩磊 译 | |
| 分册: | ||
| 出版信息: | 北京 机械工业出版社 2005 |
|
| 页数: | 180页, [8] 页图版 | |
| 开本: | 26cm | |
| 丛书名: | ||
| 单 册: | ||
| 中图分类: | TU113.6 | |
| 科图分类: | ||
| 主题词: | 建筑--jian zhu--照明设计 | |
| 电子资源: | ||
| ISBN: | 7-111-16967-0 | |
| 000 | 01022nam0 2200253 450 | |
| 001 | 012006153328 | |
| 005 | 20060119083944.89 | |
| 010 | @a7-111-16967-0@dCNY26.00 | |
| 100 | @a20060119d2005 km y0chiy0120 ea | |
| 101 | 1 | @achi@ceng |
| 102 | @aCN@b110000 | |
| 105 | @aaf z 000yy | |
| 200 | 1 | @a建筑照明设计及案例分析@Ajian zhu zhao ming she ji ji an li fen xi@f(美) Mark Karlen, James Benya著@F(mei)Mark Karlen,James Benya zhu@g李铁楠, 荣浩磊译@Gli tie nan,rong hao lei yi |
| 210 | @a北京@c机械工业出版社@d2005 | |
| 215 | @a180页, [8] 页图版@c图 (部分彩图)@d26cm | |
| 330 | @a本书以简洁、生动的方式对建筑照明设计的专业特点、专业内容、设计步骤、工作流程、方法、技巧、目标等有关问题作了全面、系统的介绍。 | |
| 606 | 0 | @a建筑@Ajian zhu@x照明设计 |
| 690 | @aTU113.6@v4 | |
| 701 | 1 | @a卡伦,@Aka lun,@bM.@g(Karlen, Mark)@4著 |
| 701 | 1 | @a奔亚,@Aben ya,@bB.@g(Benya, James)@4著 |
| 702 | 0 | @a李铁楠@Ali tie nan@4译 |
| 702 | 0 | @a荣浩磊@Arong hao lei@4译 |
| 801 | 0 | @aCN@bQSSK@c20060119 |
| 905 | @a10447@dTU113.6@eK065 | |
| 建筑照明设计及案例分析/(美) Mark Karlen, James Benya著/李铁楠, 荣浩磊译.-北京:机械工业出版社,2005 |
| 180页, [8] 页图版:图 (部分彩图);26cm |
| ISBN 7-111-16967-0:CNY26.00 |
| 本书以简洁、生动的方式对建筑照明设计的专业特点、专业内容、设计步骤、工作流程、方法、技巧、目标等有关问题作了全面、系统的介绍。 |
| ● |
| 相关链接 |
|
|
|
正题名:建筑照明设计及案例分析
索取号:TU113.6/K065
 
预约/预借
| 序号 | 登录号 | 条形码 | 馆藏地/架位号 | 状态 | 备注 |
| 1 | 579486 | 205794862 | 建筑库101/101建筑库 25排3列3层/ [索取号:TU113.6/K065] | 在馆 | |
| 2 | 579487 | 205794871 | 建筑库101/101建筑库 25排3列3层/ [索取号:TU113.6/K065] | 在馆 | |
| 3 | 579488 | 205794880 | 建筑库101/101建筑库 25排3列3层/ [索取号:TU113.6/K065] | 在馆 |